000 00614nam a2200205Ii 4500
003 JO-AjNU
008 230606s9999||||xx |||||||||||||| ||und||
020 _a0-13-628941-x/0-13-628933-9
040 _aJO-AjNU
_beng
_erda
_cJO-AjNU
041 _aeng
050 1 4 _aPR6029.C33.Z66 1975
100 3 _a Edited Kilroy ,Thomas,
_eauthor
_95454
245 0 0 _aSean O,casey :A Collection of Critical Essays
264 3 1 _aLondon : Printice-Hall ,1975
300 _a174p
336 _atext
_btxt
_2rdacontent
337 _aunmediated
_bn
_2rdamedia
338 _avolume
_bnc
_2rdacarrier
650 4 _aO'Casey SeanĀ 
_95455
999 _aE2819
_c2817
_d2817